Every UN Member State: Past & Present - Statistics

General Stats
  • This quiz has been taken 35 times
  • The average score is 149 of 235
Answer Stats
Hint Answer % Correct
1945- China
100%
1956- Japan
100%
1945- Australia
92%
1945- Canada
92%
1964- Malta
92%
1945- New Zealand
92%
1945- United States of America
92%
1955- Albania
85%
1962- Algeria
85%
1955- Austria
85%
1945- Belgium
85%
1945-2009 Bolivia
85%
1984- Burkina Faso
85%
1960- Chad
85%
1945- Chile
85%
1945- Costa Rica
85%
1992- Croatia
85%
1945- Denmark
85%
1945-19581971- Egypt
85%
1945- El Salvador
85%
1991- Estonia
85%
1990- Germany
85%
1945- Guatemala
85%
1958- Guinea
85%
1974- Guinea-Bissau
85%
1966- Guyana
85%
1945- Honduras
85%
1955- Ireland
85%
1955- Italy
85%
1991- Latvia
85%
1966- Lesotho
85%
1955-19692011- Libya
85%
1945- Mexico
85%
1992-2008 Moldova
85%
1993- Monaco
85%
1945- Netherlands
85%
1945- Nicaragua
85%
1945- Norway
85%
1945- Panama
85%
1955- Portugal
85%
1992- San Marino
85%
1945- Saudi Arabia
85%
2006- Serbia
85%
1961- South Africa
85%
2011- South Sudan
85%
1955- Spain
85%
1956- Sudan
85%
1975-1978 Surinam
85%
1946- Sweden
85%
1946- Thailand
85%
1956- Tunisia
85%
1991- Ukraine
85%
1945- Uruguay
85%
1945-2004 Venezuela
85%
1947- Yemen
85%
1964- Zambia
85%
1980- Zimbabwe
85%
1993- Andorra
77%
1976- Angola
77%
1973- Bahamas
77%
1971- Bahrain
77%
1991- Belarus
77%
1981- Belize
77%
1992- Bosnia and Herzegovina
77%
1966- Botswana
77%
1955- Bulgaria
77%
1945- Colombia
77%
1971- Congo
77%
1945- Cuba
77%
1960- Cyprus
77%
1945- Ecuador
77%
1968- Equatorial Guinea
77%
1993- Eritrea
77%
1970- Fiji
77%
1955- Finland
77%
1945- France
77%
1945- Greece
77%
1946- Iceland
77%
1945- India
77%
1962- Jamaica
77%
1963- Kenya
77%
1955-1975 Laos
77%
1991- Lithuania
77%
1945- Luxembourg
77%
1960- Madagascar
77%
1963- Malaysia
77%
1960- Mali
77%
1961- Mauritania
77%
1961- Mongolia
77%
2006- Montenegro
77%
1956- Morocco
77%
1990- Namibia
77%
1971- Oman
77%
1945- Paraguay
77%
1945- Peru
77%
1945- Poland
77%
1971- Qatar
77%
1955- Romania
77%
1960- Senegal
77%
1960- Somalia
77%
1999- Tonga
77%
1962- Trinidad and Tobago
77%
1945-2022 Turkey
77%
1977- Viet Nam
77%
1946- Afghanistan
69%
1981- Antigua and Barbuda
69%
1945- Argentina
69%
1992- Armenia
69%
1966- Barbados
69%
1945- Brazil
69%
1955-19701975-1976 1990- Cambodia
69%
1960-19751984- Cameroon
69%
1977- Djibouti
69%
1978- Dominica
69%
1945- Dominican Republic
69%
2018- Eswatini
69%
1945- Ethiopia
69%
1965- Gambia
69%
1992- Georgia
69%
1974- Grenada
69%
1945- Haiti
69%
1955- Hungary
69%
1950-19651966- Indonesia
69%
1945-1982 Iran
69%
1945- Iraq
69%
1949- Israel
69%
1955- Jordan
69%
1992- Kazakhstan
69%
1963- Kuwait
69%
1945- Lebanon
69%
1945- Liberia
69%
1990- Liechtenstein
69%
1969- Maldives
69%
1991- Marshall Islands
69%
1955- Nepal
69%
1960- Niger
69%
1960- Nigeria
69%
1979- Saint Lucia
69%
1980- Saint Vincent and the Grenadines
69%
1965- Singapore
69%
1992- Slovenia
69%
1962- Uganda
69%
1971- United Arab Emirates
69%
1945-1992 Yugoslavia
69%
1992- Azerbaijan
62%
1974- Bangladesh
62%
1975- Benin
62%
1962- Burundi
62%
1975-2013 Cape Verde
62%
1960-19761979- Central African Republic
62%
1960- Gabon
62%
1957- Ghana
62%
1968- Mauritius
62%
1975- Mozambique
62%
2019- North Macedonia
62%
1947- Pakistan
62%
1975- Papua New Guinea
62%
1945- Philippines
62%
1976- Samoa
62%
1975- São Tomé and Príncipe
62%
1976- Seychelles
62%
1961- Sierra Leone
62%
1993- Slovakia
62%
1978- Solomon Islands
62%
1972- Sri Lanka
62%
2002- Switzerland
62%
1992- Tajikistan
62%
2002- Timor-Leste
62%
1960- Togo
62%
1992- Turkmenistan
62%
2000- Tuvalu
62%
1945-1991 Union of Soviet Socialist Republics
62%
1981- Vanuatu
62%
1971-1997 Zaire
62%
1971- Bhutan
54%
1975- Comoros
54%
1945-1993 Czechoslovakia
54%
1960-1985 Ivory Coast
54%
1999- Kiribati
54%
1992- Kyrgyzstan
54%
1964- Malawi
54%
1989- Myanmar
54%
1999- Nauru
54%
1994- Palau
54%
1962- Rwanda
54%
1986- Saint Kitts and Nevis
54%
2016- Czechia
46%
1960-19711997- Democratic Republic of the Congo
46%
1991- Republic of Korea
46%
1945- United Kingdom of Great Britain and Northern Ireland
46%
1992- Uzbekistan
46%
1963-1964 Zanzibar
46%
1991- Russian Federation
38%
1961-1964 Tanganyika
38%
1948-1989 Burma
31%
1991- Democratic People's Republic of Korea
31%
1982- Islamic Republic of Iran
31%
2000-2006 Serbia and Montenegro
31%
1978- Suriname
31%
1958-1971 United Arab Republic
31%
1984- Brunei Darussalam
23%
1993-2016 Czech Republic
23%
1976-1990 Democratic Kampuchea
23%
1973-1990 Federal Republic of Germany
23%
1991- Federated States of Micronesia
23%
1945-19581961- Syrian Arab Republic
23%
1964- United Republic of Tanzania
23%
2004- Bolivarian Republic of Venezuela
15%
1945-1991 Byelorussian Soviet Socialist Republic
15%
2013- Cabo Verde
15%
1976-1979 Central African Empire
15%
1955-1972 Ceylon
15%
1985- Côte d'Ivoire
15%
1960-1975 Dahomey
15%
1957-1963 Federation of Malaya
15%
1993-2019 Former Yugoslav Republic of Macedonia
15%
1973-1990 German Democratic Republic
15%
1970-1975 Khmer Republic
15%
1975- Lao People's Democratic Republic
15%
1969-1977 Libyan Arab Republic
15%
1970-1990 People's Democratic Republic of Yemen
15%
1960-1971 People's Republic of the Congo
15%
2009- Plurinational State of Bolivia
15%
2008- Republic of Moldova
15%
1983-1986 Saint Christopher and Nevis
15%
1968-2018 Swaziland
15%
2022- Türkiye
15%
1945-1991 Ukrainian Soviet Socialist Republic
15%
1945-1961 Union of South Africa
15%
1975-1984 United Republic of Cameroon
15%
1960-1984 Upper Volta
15%
1977-2011 Libyan Arab Jamahiriya
8%
1965-1969 Maldive Islands
8%
1967-1970 Southern Yemen
8%
1964-1964 United Republic of Tanganyika and Zanzibar
8%
No matching quizzes found
Score Distribution
Percent of People with Each Score
Percentile by Number Answered
Your Score History
You have not taken this quiz